| 000 | 00611nam a2200193Ia 4500 | ||
|---|---|---|---|
| 999 |
_c39465 _d39465 |
||
| 001 | 6059 | ||
| 003 | GE_BSU | ||
| 005 | 20190924171437.0 | ||
| 008 | 181216s1970||||ge |||||||||||||| ||geo|| | ||
| 040 | _cGE_BSU | ||
| 041 | _ageo | ||
| 080 | _a821.353.1-32 ა-76 | ||
| 100 |
_aარაგვისპირელი, შიო _94299 |
||
| 245 |
_aერთტომეული / _cშიო არაგვისპირელი. |
||
| 264 |
_aთბილისი : _bმერანი ; _c1970. |
||
| 300 |
_a637 გვ. ; _c22 სმ. |
||
| 653 | _aერთტომეული | ||
| 942 |
_cBK _2udc |
||